Обзор метода получения нитей с применением углеродного волокна для повышения прочности изделий из пластика, получаемых методом FDM; Прогрессивные технологии и экономика в машиностроении

Detalles Bibliográficos
Parent link:Прогрессивные технологии и экономика в машиностроении.— 2019.— [С. 49-51]
Autor Principal: Танков Д. В.
Autor Corporativo: Национальный исследовательский Томский политехнический университет (ТПУ) Юргинский технологический институт (филиал) (ЮТИ) Отделение промышленных технологий (ОПТ)
Outros autores: Моховиков А. А. Алексей Александрович (научный руководитель)
Summary:Заглавие с экрана
В данной работе рассмотрен метод упрочнения FDM. Также рассмотрен способ получения самой нити для печати на 3Д принтере.
Idioma:ruso
Publicado: 2019
Series:Современные промышленные технологии
Subjects:
Acceso en liña:http://earchive.tpu.ru/handle/11683/53061
Formato: MixedMaterials Electrónico Capítulo de libro
KOHA link:https://koha.lib.tpu.ru/cgi-bin/koha/opac-detail.pl?biblionumber=629260

MARC

LEADER 00000naa2a2200000 4500
001 629260
005 20231102024403.0
035 |a (RuTPU)RU\TPU\conf\29756 
035 |a RU\TPU\conf\29755 
090 |a 629260 
100 |a 20190416d2019 k y0rusy50 ca 
101 0 |a rus 
102 |a RU 
105 |a y z 101zy 
135 |a drcn ---uucaa 
181 0 |a i  
182 0 |a b 
200 1 |a Обзор метода получения нитей с применением углеродного волокна для повышения прочности изделий из пластика, получаемых методом FDM  |f Д. В. Танков  |g науч. рук. А. А. Моховиков 
203 |a Текст  |c электронный 
225 1 |a Современные промышленные технологии 
230 |a 1 компьютерный файл (pdf; 221 Kb) 
300 |a Заглавие с экрана 
320 |a [Библиогр.: с. 51 (8 назв.)] 
330 |a В данной работе рассмотрен метод упрочнения FDM. Также рассмотрен способ получения самой нити для печати на 3Д принтере. 
463 0 |0 (RuTPU)RU\TPU\conf\29747  |t Прогрессивные технологии и экономика в машиностроении  |o сборник трудов X Всероссийской научно-практической конференции для студентов и учащейся молодежи, 4-6 апреля 2019 г., Юрга  |f Национальный исследовательский Томский политехнический университет (ТПУ), Юргинский технологический институт (ЮТИ) ; под ред. Е. А. Зернина  |v [С. 49-51]  |d 2019 
610 1 |a электронный ресурс 
610 1 |a труды учёных ТПУ 
610 1 |a нити 
610 1 |a углеродные волокна 
610 1 |a повышение 
610 1 |a прочность 
610 1 |a изделия 
610 1 |a пластики 
610 1 |a FDM технологии 
610 1 |a упрочнение 
610 1 |a 3D-принтеры 
700 1 |a Танков  |b Д. В. 
702 1 |a Моховиков  |b А. А.  |c специалист в области машиностроения  |c заведующий кафедрой Юргинского технологического института (филиала) Томского политехнического университета, кандидат технических наук  |f 1976-  |g Алексей Александрович  |2 stltpush  |4 727  |9 10778 
712 0 2 |a Национальный исследовательский Томский политехнический университет (ТПУ)  |b Юргинский технологический институт (филиал) (ЮТИ)  |b Отделение промышленных технологий (ОПТ)  |h 8376  |2 stltpush  |3 (RuTPU)RU\TPU\col\24717 
801 2 |a RU  |b 63413507  |c 20190419  |g RCR 
856 4 |u http://earchive.tpu.ru/handle/11683/53061 
942 |c BK